Naruto: Démons à queue et leur hôte (facile) - Statistiques

Statistiques générales
  • Ce quiz a été pris 704 fois
    700 depuis la dernière actualisation
  • Le résultat moyen est 7 sur 10
Statistiques - réponses
Question Réponse % Correct
Quel animal représente le démon à 10 queue? aucune de ces réponses
80%
quel animal représente le démon à 8 queue? taureau / pieuvre
79%
Quel animal incarne le démon à 2 queue ? Chat
76%
qui est l'hôte du démon à 2 queue? Yugito
75%
Qui est l'hôte du démon à 6 queue? Utakata
71%
qui est Han ? hôte du démon à 5 queue
64%
Qui est Son Goku? le démon à 4 queue
63%
Qui est Isobu? demon à 3 queue
61%
comment s'appelle le démon à 7 queue? chomei
59%
qui est l'hôte du démon à 7 queue?
54%
Aucun quiz correspondant
Distribution des résultats
% des personnes avec chaque résultat
Percentile par nombre de réponses
Votre historique - résultats
Vous n’avez pas pris ce quiz depuis la dernière actualisation